V. S. Jakovlev: Skladovanie ropných produktov. Problémy ochrany životného prostredia

Bibliographic Details
Main Authors: Klucho, Pavol (Author), Jakovlev, V. S. (Author)
Format: Article
Language:Slovak
Subjects:

MARC

LEADER 00000nab a2200000 a 4500
001 vtls000366015
003 SK-MaSNL
005 20260304225324.0
008 250310c1989 xo 0 slo
015 |a SNBRB19rr/mm-uuuuu 
035 |a CL0366137 
035 |a urn:nbn:sk:snk-aban4b 
035 |a (urnnbn)urn:nbn:sk:snk:ar-a0a3db 
035 |a (uuid)6eae7e06-f427-4d31-815c-d5ff2b629af9 
040 |a SNKBUCL  |b slo  |c SNKBUCL  |e AACR2 
041 0 |a slo 
044 |a xo  |c SK 
080 |a 504.06:665.62  |2 1981 
080 |a 665.62  |2 1981 
100 1 |a Klucho, Pavol  |4 aut  |9 442103 
245 1 0 |a V. S. Jakovlev: Skladovanie ropných produktov. Problémy ochrany životného prostredia  |c Pavol Klucho 
650 0 7 |a životné prostredie  |2 snkbucl  |9 786 
650 0 7 |a ropa  |2 snkbucl  |9 14547 
650 0 7 |a ropné produkty  |2 snkbucl  |9 67952 
650 0 7 |a skladovanie ropných produktov  |2 snkbucl  |9 1561347 
655 7 |a články z novín a časopisov  |2 snkbucl  |9 267496 
700 1 |a Jakovlev, V. S.  |4 aut  |9 1561348 
773 0 |t Ropa a uhlie  |g Roč. 31, č. 8 (1989), s. 486-488 
787 0 8 |i Rec.:  |a Jakovlev, V. S.  |t Skladovanie ropných produktov. Problémy ochrany životného prostredia  |d Moskva : Chimija, 1987 
850 |a Slovenská národná knižnica v Martine  |a MTA001 
852 |a SNK  |b KIS3GCP 
958 |a OND 
958 |a RK 
958 |a SU 
958 |a EUIPO 
958 |a article14 
992 |a RBX 
999 |c 3176879  |d 3178809